000 01885nam a2200397 i 4500
001 193307
003 SpMaBN
005 20250804062656.0
007 ta
008 231102s2009 sp | |||| 000 f spa
017 _aB 9451-2009
_bOficina Depósito Legal Barcelona
020 _a9788466322850
035 _a(OCoLC)733796035
035 _aa4463260
040 _aSpMaBN
_bspa
_cSpMaBN
_erdc
_dES-MaACL
080 _a821.134.2-31"19"
100 1 _aMontero, Rosa,
_d1951-
_0XX968899
_eaut
_982503
245 1 3 _aLa función Delta /
_cRosa Montero
250 _aPrimera edición: abril 2009
260 _a[Madrid] :
_bPunto de Lectura,
_c2009
300 _a349 páginas ;
_c19 cm
336 _2rdacontent
_aTexto
337 _2rdamedia
_asin mediación
338 _2rdacarrier
_avolumen
490 1 _aPunto de lectura ;
_v14/9
520 _aLa "función Delta" es una misteriosa ley de la compensación, tomada de la física cuántica, que permite a los seres humanos pasar de un desamor a otro sin que esos inexplicables eclipses destruyan la vida de relación. La veremos aplicada a la historia de una mujer, Lucía, centrada en dos momentos fundamentales de su vida: a los treinta años y en el año 2010, cuando cumple los sesenta. Una parábola narrativa y acaso una profecía hacia la que avanzamos de modo inevitable.
655 0 _aNovelas
_9234319
830 _aPunto de lectura
_v14/9
_9184240
852 _aES-MaACL
_9200747
_bR.154719
_jN-9493
_cDEPOJ
_hDonación: Rosa Montero
_gDedicatoria autógrafa de la autora
_xEncuadernación rústica
903 _aMontero, Rosa,
_d1951-
_ednr
_982503
942 _n0
_cMONOGRAFIA
999 _c193307
_d193307